No Fear Shakespeare:The Comedy of Errors (Record no. 3477)
[ view plain ]
| 000 -LEADER | |
|---|---|
| fixed length control field | 00240nam a22000857a 4500 |
| 008 - FIXED-LENGTH DATA ELEMENTS--GENERAL INFORMATION | |
| fixed length control field | 161013b xxu||||| |||| 00| 0 eng d |
| 100 ## - MAIN ENTRY--PERSONAL NAME | |
| 9 (RLIN) | 824 |
| Personal name | Spark |
| 245 ## - TITLE STATEMENT | |
| Title | No Fear Shakespeare:The Comedy of Errors |
| 260 ## - PUBLICATION, DISTRIBUTION, ETC. (IMPRINT) | |
| Place of publication, distribution, etc. | NewYork |
| Name of publisher, distributor, etc. | Spark Publications |
| Date of publication, distribution, etc. | 2005 |
| Withdrawn status | Lost status | Source of classification or shelving scheme | Damaged status | Koha normalized classification for sorting | Not for loan | Home library | Current library | Shelving location | Date acquired | Total Checkouts | Full call number | Barcode | Date last seen | Date last checked out | Price effective from | Koha item type |
|---|---|---|---|---|---|---|---|---|---|---|---|---|---|---|---|---|
| Dewey Decimal Classification | 823_000000000000000 | Good Samaritan School Library | Good Samaritan School Library | FICTION | 10/13/2016 | 2 | 823 | SPA6116 | 08/29/2019 | 08/28/2019 | 10/13/2016 | BOOK |